История искусств: учебник
| Hovedforfatter: | |
|---|---|
| Institution som forfatter: | |
| Summary: | Заглавие с титульного экрана Электронная версия печатной публикации В учебнике дается развернутая характеристика изобразительного искусства каждого периода - от древнейших времен до современности: представлены различные стили и направления, факты из биографий художников, повлиявших на становление и развитие искусства. Зрительный ряд, иллюстрирующий учебник, помогает глубже воспринять смысловые особенности Времени. Предназначен для студентов высших учебных заведений, обучающихся по направлению подготовки бакалавров 54.03.01 «Дизайн», магистров по направлению 54.04.01 «Дизайн», а также может быть рекомендован аспирантам для подготовки к сдаче кандидатского минимума по специальности 50.06.01 «Искусствоведение», преподавателям и всем интересующимся вопросами истории искусств. Режим доступа: из корпоративной сети ТПУ |
| Sprog: | russisk |
| Udgivet: |
Томск, Изд-во ТПУ, 2020
|
| Udgivelse: | 2-е изд. |
| Fag: | |
| Online adgang: | https://www.lib.tpu.ru/fulltext2/m/2020/m012.pdf |
| Format: | MixedMaterials Electronisk Bog |
| KOHA link: | https://koha.lib.tpu.ru/cgi-bin/koha/opac-detail.pl?biblionumber=344578 |
MARC
| LEADER | 00000nlm0a2200000 4500 | ||
|---|---|---|---|
| 001 | 344578 | ||
| 005 | 20231227142423.0 | ||
| 035 | |a (RuTPU)RU\TPU\book\376143 | ||
| 035 | |a RU\TPU\book\207415 | ||
| 090 | |a 344578 | ||
| 100 | |a 20200310d2020 m y0rusy50 ca | ||
| 101 | 0 | |a rus | |
| 102 | |a RU | ||
| 105 | |a a j 001zy | ||
| 135 | |a drcn ---uucaa | ||
| 181 | 0 | |a i | |
| 182 | 0 | |a b | |
| 200 | 1 | |a История искусств |e учебник |f М. С. Кухта |g Национальный исследовательский Томский политехнический университет (ТПУ) | |
| 203 | |a Текст |c электронный | ||
| 205 | |a 2-е изд. | ||
| 210 | |a Томск |c Изд-во ТПУ |d 2020 | ||
| 300 | |a Заглавие с титульного экрана | ||
| 300 | |a Электронная версия печатной публикации | ||
| 330 | |a В учебнике дается развернутая характеристика изобразительного искусства каждого периода - от древнейших времен до современности: представлены различные стили и направления, факты из биографий художников, повлиявших на становление и развитие искусства. Зрительный ряд, иллюстрирующий учебник, помогает глубже воспринять смысловые особенности Времени. Предназначен для студентов высших учебных заведений, обучающихся по направлению подготовки бакалавров 54.03.01 «Дизайн», магистров по направлению 54.04.01 «Дизайн», а также может быть рекомендован аспирантам для подготовки к сдаче кандидатского минимума по специальности 50.06.01 «Искусствоведение», преподавателям и всем интересующимся вопросами истории искусств. | ||
| 333 | |a Режим доступа: из корпоративной сети ТПУ | ||
| 606 | 1 | |a Искусство |x История |2 stltpush |3 (RuTPU)RU\TPU\subj\13188 |9 39839 | |
| 610 | 1 | |a первобытное искусство | |
| 610 | 1 | |a Древний Египет | |
| 610 | 1 | |a Передняя Азия | |
| 610 | 1 | |a Древняя Греция | |
| 610 | 1 | |a европейское искусство | |
| 610 | 1 | |a средние века | |
| 610 | 1 | |a древнерусское искусство | |
| 610 | 1 | |a итальянское возрождение | |
| 610 | 1 | |a венецианцы | |
| 610 | 1 | |a Испания | |
| 610 | 1 | |a 16 век | |
| 610 | 1 | |a 17 век | |
| 610 | 1 | |a 18 век | |
| 610 | 1 | |a барокко | |
| 610 | 1 | |a Франция | |
| 610 | 1 | |a фламандское искусство | |
| 610 | 1 | |a импрессионизм | |
| 610 | 1 | |a современное искусство | |
| 610 | 1 | |a учебники | |
| 610 | 1 | |a труды учёных ТПУ | |
| 610 | 1 | |a электронный ресурс | |
| 675 | |a 7.03(075.8) |v 3 | ||
| 700 | 1 | |a Кухта |b М. С. |c специалист в области промышленного дизайна |c профессор Томского политехнического университета, доктор философских наук |f 1963- |g Мария Сергеевна |3 (RuTPU)RU\TPU\pers\28641 |9 13457 | |
| 712 | 0 | 2 | |a Национальный исследовательский Томский политехнический университет (ТПУ) |c (2009- ) |3 (RuTPU)RU\TPU\col\15902 |
| 801 | 1 | |a RU |b 63413507 |c 20110120 | |
| 801 | 2 | |a RU |b 63413507 |c 20200310 |g RCR | |
| 856 | 4 | |u https://www.lib.tpu.ru/fulltext2/m/2020/m012.pdf | |
| 942 | |c CF | ||